000 00764nam a2200181 i 4500
001 46629
003 ES-MaACL
005 20230906161424.0
007 t|
008 030331s1901 fr |||| | fre d
111 2 _aCongrès International du Patronage des Libérés (
_d1900.
_cParis)
_9167560
245 1 0 _aActes du congres
_b: compte rendu sténographique /
_cCongrés International du Patronage Libérés, Paris 8-13 prillet 1900 ; publie par H. Louiche-Desfontaines.
260 _aParis :
_bUnion des Sociétés de Patronage de France,
_c1901.
300 _a908 p. ;
_c24 cm.
650 4 _aEstablecimientos penitenciarios-
_vCongresos y asambleas.
_9163123
700 1 _aLouiche-Desfontaines, Henry.
_9167559
852 _aES-MaACL
_jD-108
_z. - Donativo Lastres
999 _c46629
_d46629